000 00684nam a2200229Ia 4500
003 OSt
005 20250404161531.0
008 210324s9999||||xx |||||||||||||| ||und||
040 _cSTCPL
041 _aMAL
041 _hMAL
082 _aM4
_bPRI-M
100 _a Priyadarsanan, G
_q ജി പ്രിയദർശനൻ.
100 _aPerettil
_qപേരറ്റിൽ
245 0 _aManmaranja masikakal /
_c by G Priyadarsanan and Perettil
_hമണ്‍മറഞ്ഞ മാസികകള്‍
260 _aKottayam :
_bNational Book Stall ,
_c1971 .
300 _a97 p.
_bPB
650 _aMalayalam literature
650 _aEssays
942 _cBK
942 _2ddc
_n0
999 _c21707
_d21707